000 004180000a22001690004500
003 LK-CoMWRAF
008 230817t ||||| |||| 00| 0 eng d
040 _aLK-CoMWRAF
_dLK-CoMWRAF
_eLK-CoMWRAF
041 _aeng
082 _a010
_bOSH
100 _aOsho
245 _aMathavathikalum Arasiyalvathikalum
_b
260 _aChennai
_bKavitha Publication
_c1996
300 _ap.192
650 _aLiterature
942 _cBK
999 _c2717
_d2717